000 00749nam a2200169Ia 4500
003 GCL
005 20240530104330.0
008 140319s9999 xx 000 0 ara d
040 _aGCL /
_cGCL
082 0 4 _a235.5
_bن ع
100 1 _aالنسائى: ابو عبدالرحمن احمد بن على بن شعيب على بن سنان سن عمر بن بن دينار
245 1 0 _aعشرة النساء من السنن الكبرى /
_cالنسائى: ابو عبدالرحمن احمد بن على بن شعيب على بن سنان سن عمر بن بن دينار
260 _aبيروت :
_bدار الكتب العلمية للنشر والتوزيع
300 _a144 ص ؛
_c25 سم
650 0 4 _aسنن النسائى
942 _2ddc
_cBK
999 _c46563
_d46563